Une lettre suffit pour répondre juste #87 (attention 10 lettres tuent) - Statistiques

Statistiques générales
  • Ce quiz a été pris 62 fois
  • Le résultat moyen est 3 sur 6
Statistiques - réponses
Hint Réponse % Correct
Donne une des 5 lettres qui complète le nom de ce film : _ _ _ _ _ MAUDIT
GAZON
100%
Donne une des 4 dernières lettres du nom de famille de tous les présidents de la Roumanie qui se sont succédé depuis la création de cette fonction en 1974 jusqu'en 2014 ESCU (Ceaușescu, Iliescu, Constantinescu, Băsescu)
78%
Donne une des 3 lettres du mot de 3 lettres qui désigne à la fois : - le nom d'une commune du Loiret (de 1 414 habitants en 2022) - le nom d'un rappeur français d’origine brazza-congolaise né en 1977 connu sous les pseudonymes « L'Amiral » et « L'Intransférable » - une bière légère en anglais - un sommet de Californie : _ _ _ Mountain - un sigle qui peut désigner en anglais une philosophie en informatique qui veut dire « Ne vous répétez pas » DRY
31%
Donne une des 2 lettres qui complète ce que chante Juju Fitcats dans cet extrait où elle a fait le buzz en parodiant la chanson de Carla à l'Eurovision Junior en 2020 pour la France:"ça fait _ I_, _A_, _ O U _"
BM (ça fait BiM BaM BouM / chanson Bim Bam toi)
27%
Donne la dernière lettre du nom de famille (au moment de l'élection) de Miss France 2021 et 2023 qui sont prénommées Amandine et Indira T (Amandine PetiT / Indira AmpioT)
14%
Donne la première lettre du prénom et nom de scène de ce célèbre illusionniste (né sous le nom d'Ehrich Weisz)
H (Harry Houdini)
8%
Aucun quiz correspondant
Distribution des résultats
% des personnes avec chaque résultat
Percentile par nombre de réponses
Votre historique - résultats
Vous n’avez pas pris ce quiz